000 00404nam a22001457u 4500
008 130405s1969 xxu||||| |||| 00| 0 ger d
041 _ager
100 1 _aZimmerli, Walther
_910507
245 0 0 _aEZECHIEL II.
_b:2 Teilband Ezechiel 25.48
_cWalther Zimmerli
260 _aVluin:
_bVerlag,
_c1969
300 _a1285 p.
_c;23 cm.
630 0 4 _aBiblia
_xLibros proféticos
_914152
942 _cBK
001 46526
999 _c240171
_d240171